[Event "Heusenstamm Sparkassen Open"]
[Site "Heusenstamm"]
[Date "2017.11.25"]
[Round "4.16"]
[White "Merkel, Markus"]
[Black "Kramer, Julian"]
[Result "0-1"]
[WhiteElo "2121"]
[BlackElo "2356"]
[PlyCount "58"]
[EventDate "2017.??.??"]

1. Nf3 Nf6 2. e3 g6 3. b4 Bg7 4. Bb2 d6 5. d4 O-O 6. Be2 e5 7. O-O exd4 8. exd4
d5 9. Nbd2 a5 10. b5 a4 11. Ne5 Nbd7 12. f4 Nb6 13. Ba3 Re8 14. Bd3 Ne4 15. Re1
f6 16. Nef3 Bf5 17. Bb4 Qd7 18. Nf1 Nc4 19. Rb1 Bh6 20. g3 Bg4 21. Bxc4 dxc4
22. Ne3 Bh5 23. Kg2 Nd6 24. Bxd6 cxd6 25. h3 d5 26. Qd2 Re4 27. Qf2 Bxf3+ 28.
Kxf3 Qxh3 29. Nxd5 Qh5+ 0-1

[Event "Sparkassen-Open A"]
[Site "Heusenstamm, Martinsee"]
[Date "2017.11.25"]
[Round "4.17"]
[White "Schnepp, Gunnar"]
[Black "Musiolik, David"]
[Result "1-0"]
[WhiteElo "2349"]
[BlackElo "1958"]
[PlyCount "61"]
[EventDate "2017.??.??"]
[WhiteTeam "SK Lauffen"]
[BlackTeam "SC Ramstein"]

1. d4 d5 2. c4 e6 3. Nf3 Nf6 4. g3 Be7 5. Bg2 O-O 6. O-O Nbd7 7. cxd5 exd5 8.
Nc3 Re8 9. Qc2 Nf8 10. Rd1 c6 11. Ne5 g6 12. h3 Bd6 13. f4 Bf5 14. Qb3 Qc7 15.
Be3 h5 16. Rac1 Qe7 17. Bf2 Kg7 18. Re1 Ne4 19. Nxe4 Bxe4 20. Bxe4 dxe4 21. Kg2
Ne6 22. Be3 h4 23. g4 g5 24. fxg5 Bxe5 25. dxe5 Nxg5 26. Rf1 Ne6 27. Rf5 Nd8
28. Bg5 Qe6 29. Bf6+ Kh7 30. Rh5+ Kg6 31. Qe3 1-0

[Event "Sparkassen-Open A"]
[Site "Heusenstamm, Martinsee"]
[Date "2017.11.25"]
[Round "4.18"]
[White "Mährlein, Christoph"]
[Black "Solonar, Stefan"]
[Result "0-1"]
[WhiteElo "2035"]
[BlackElo "2315"]
[PlyCount "134"]
[EventDate "2017.??.??"]
[WhiteTeam "SC Pforzheim"]
[BlackTeam "SC Heusenstamm"]

1. d4 f5 2. Nf3 Nf6 3. g3 g6 4. Bg2 Bg7 5. c4 O-O 6. O-O d6 7. Nc3 Qe8 8. Nd5
Nxd5 9. cxd5 Qb5 10. Ng5 h6 11. Ne6 Bxe6 12. dxe6 Nc6 13. e3 Nd8 14. a4 Qc4 15.
d5 c6 16. b3 Qxf1+ 17. Qxf1 Bxa1 18. e4 Bg7 19. Qd3 cxd5 20. exd5 Rc8 21. Bd2
b6 22. g4 Nb7 23. b4 a5 24. gxf5 axb4 25. f6 Rxf6 26. Bxb4 Rc1+ 27. Bf1 Rf4 28.
Bd2 Rg4+ 29. Kh1 Ra1 30. Be3 Nc5 31. Qb5 Rgxa4 32. Kg2 Ra8 33. Qxb6 Rc8 34. Bb5
Rb1 35. Qa5 Kh7 36. Bc6 Ne4 37. Qa7 Bf6 38. Bd4 Bxd4 39. Qxd4 Nf6 40. Qd3 Rb4
41. Qa6 Rcb8 42. Qa7 Ng8 43. h3 Rf8 44. Qe3 Rb2 45. Ba4 Nf6 46. Qd4 Re2 47. Bd1
Re5 48. Bf3 Rf5 49. Kg3 Ng8 50. Bg4 Rxf2 51. Qxf2 Rxf2 52. Kxf2 Kg7 53. Ke3 Kf6
54. Kf4 h5 55. Bf3 g5+ 56. Kg3 Kg6 57. Be4+ Kf6 58. h4 Ke5 59. Bg6 gxh4+ 60.
Kxh4 Nf6 61. Kg5 Kxd5 62. Bf5 Kc5 63. Bh3 d5 64. Kg6 d4 65. Kf7 Nd5 66. Bg2 Nf4
67. Kxe7 Nxe6 0-1

[Event "Sparkassen-Open A"]
[Site "Heusenstamm, Martinsee"]
[Date "2017.11.25"]
[Round "4.19"]
[White "Marchese, Andrea"]
[Black "Legde, Georg"]
[Result "0-1"]
[WhiteElo "1861"]
[BlackElo "2306"]
[PlyCount "48"]
[EventDate "2017.??.??"]
[WhiteTeam "SC Matt im Park"]
[BlackTeam "Freibauer Mörlenbach"]

1. d4 Nf6 2. c4 e6 3. Nc3 Bb4 4. Qc2 c5 5. dxc5 O-O 6. Bg5 Nc6 7. f3 Bxc5 8. e4
h6 9. Bd2 Nb4 10. Qa4 d5 11. a3 Nc6 12. b4 Bxg1 13. Rxg1 dxc4 14. Be3 Qc7 15.
Nb5 Qe5 16. Rd1 a6 17. Nd6 b5 18. Qc2 Qxh2 19. Kf2 Rd8 20. Be2 Rxd6 21. Rh1 Qe5
22. f4 Qxe4 23. Rxd6 Qxc2 24. Rxc6 Ng4+ 0-1

[Event "Sparkassen-Open A"]
[Site "Heusenstamm, Martinsee"]
[Date "2017.11.25"]
[Round "4.20"]
[White "Milov, Leonid"]
[Black "Engel, Berthold"]
[Result "1/2-1/2"]
[WhiteElo "2453"]
[BlackElo "2125"]
[PlyCount "151"]
[EventDate "2017.??.??"]
[WhiteTeam "SC Noris-Tarrasch Nürnberg"]
[BlackTeam "BG Buchen"]

1. e4 e6 2. d4 d5 3. Nc3 Nf6 4. e5 Ng8 5. Nf3 b6 6. a3 Ba6 7. Bxa6 Nxa6 8. Qd3
Nb8 9. Ne2 Qd7 10. O-O Nc6 11. b3 Nge7 12. c4 Ng6 13. Be3 dxc4 14. bxc4 Rd8 15.
Qc2 Na5 16. Bd2 Nb7 17. a4 Be7 18. a5 Rb8 19. Qe4 O-O 20. axb6 axb6 21. Ra7 c6
22. Rfa1 Rfc8 23. h4 Nf8 24. R1a6 Qd8 25. h5 h6 26. Qb1 Nd7 27. Ng3 Ra8 28. Qa2
Rxa7 29. Rxa7 Rb8 30. Ne4 Qc8 31. Qa6 Kf8 32. Qa2 Nd8 33. Ra6 Rb7 34. Ra8 Rb8
35. Ra6 b5 36. d5 cxd5 37. cxd5 Bc5 38. Nxc5 Nxc5 39. Ra7 b4 40. Be3 Ndb7 41.
Nd2 Kg8 42. d6 Nd7 43. Qc4 Qxc4 44. Nxc4 b3 45. f4 Nbc5 46. Nb2 Rb7 47. Ra8+
Kh7 48. Rc8 Na6 49. Kf2 g6 50. g4 gxh5 51. gxh5 Kg7 52. Bd4 Rb4 53. Ke3 Rb8 54.
Rxb8 Naxb8 55. Na4 Nc6 56. Bc3 f6 57. exf6+ Kf7 58. Kd3 Nxf6 59. Bxf6 Kxf6 60.
Nc5 Kf5 61. Nxb3 Kxf4 62. Nc5 e5 63. d7 e4+ 64. Ke2 Nd8 65. Kf2 Kg5 66. Ke3
Kxh5 67. Kxe4 Kg6 68. Ke5 Kf7 69. Kd6 h5 70. Nd3 h4 71. Nf4 Kf6 72. Nd5+ Kf7
73. Nf4 Kf6 74. Nh3 Kf5 75. Ke7 Nb7 76. Nf2 1/2-1/2

[Event "Sparkassen-Open A"]
[Site "Heusenstamm, Martinsee"]
[Date "2017.11.25"]
[Round "4.21"]
[White "Köllner, Christof"]
[Black "Gutman, Lev"]
[Result "0-1"]
[WhiteElo "2099"]
[BlackElo "2410"]
[PlyCount "71"]
[EventDate "2017.??.??"]
[WhiteTeam "SV Bergneustadt/Derschlag"]
[BlackTeam "SV Lingen"]

1. d4 Nf6 2. Nf3 g6 3. Nbd2 Bg7 4. e4 O-O 5. Bc4 c5 6. dxc5 Qc7 7. O-O Qxc5 8.
Qe2 d6 9. c3 Qc7 10. Re1 Nc6 11. a3 a6 12. a4 Bd7 13. Nb3 Rac8 14. Bd3 e5 15.
Bg5 Be6 16. Nbd2 Nh5 17. Qe3 f5 18. exf5 gxf5 19. Nd4 Nxd4 20. cxd4 e4 21. Nxe4
fxe4 22. Qxe4 Bf5 23. Qh4 Bxd3 24. Re7 Qb6 25. Qxh5 Rc7 26. Rxc7 Qxc7 27. Rc1
Qf7 28. Qh4 Qg6 29. Rc7 Be4 30. Re7 Bd5 31. Qg4 h5 32. Qh4 Bf6 33. Re3 Bxg5 34.
Rg3 Bxh4 35. Rxg6+ Kh7 36. Rxd6 0-1

[Event "Sparkassen-Open A"]
[Site "Heusenstamm, Martinsee"]
[Date "2017.11.25"]
[Round "4.22"]
[White "Flach, Erich"]
[Black "Lagunow, Raphael"]
[Result "1/2-1/2"]
[WhiteElo "2107"]
[BlackElo "2385"]
[PlyCount "85"]
[EventDate "2017.??.??"]
[WhiteTeam "SK Langen"]
[BlackTeam "SK Zehlendorf"]

1. c4 c6 2. e4 d5 3. exd5 cxd5 4. d4 Nf6 5. Nc3 e6 6. Nf3 Nc6 7. Bg5 Be7 8. c5
O-O 9. Bb5 h6 10. Bf4 Ne4 11. Bxc6 Nxc3 12. bxc3 bxc6 13. Qa4 Qe8 14. O-O a5
15. Rfe1 f6 16. Rab1 Bd8 17. Bd6 Rf7 18. Re3 Bc7 19. c4 Qd7 20. cxd5 exd5 21.
Qa3 Qd8 22. Rbe1 Bf5 23. Re7 Rxe7 24. Rxe7 Bxd6 25. cxd6 Rb8 26. h3 Rb4 27. Nh4
Qxd6 28. Rxg7+ Kf8 29. Rg3 Rb1+ 30. Kh2 Qxa3 31. Rxa3 Be4 32. Rxa5 Rb4 33. Ra6
Rxd4 34. Rxc6 Ke7 35. Kg3 Ra4 36. f3 Bb1 37. Rb6 Bd3 38. Rb3 Bc4 39. Re3+ Kd6
40. Nf5+ Kc5 41. Re6 d4 42. Rxf6 Rxa2 43. Nxd4 1/2-1/2

[Event "Sparkassen-Open A"]
[Site "Heusenstamm, Martinsee"]
[Date "2017.11.25"]
[Round "4.24"]
[White "Klundt, Klaus"]
[Black "Browning, Alex"]
[Result "0-1"]
[WhiteElo "2332"]
[BlackElo "2095"]
[PlyCount "62"]
[EventDate "2017.??.??"]
[WhiteTeam "SC Heusenstamm"]
[BlackTeam "MS Halver-Schalksmühle"]

1. e4 c5 2. Nf3 d6 3. d4 cxd4 4. Nxd4 Nf6 5. Nc3 a6 6. Be3 e5 7. Nb3 Be7 8. Qd2
Be6 9. f4 exf4 10. Bxf4 Nc6 11. O-O-O Ne5 12. Nd4 Qc7 13. Nf5 Bxf5 14. exf5 O-O
15. g4 Nexg4 16. Rg1 Kh8 17. Rxg4 Nxg4 18. Nd5 Qd8 19. Nxe7 Qxe7 20. Bxd6 Qf6
21. Bxf8 Rxf8 22. Qb4 Qg5+ 23. Kb1 Kg8 24. Qxb7 Ne3 25. Rc1 Qxf5 26. Qxa6 Qe5
27. a4 Rb8 28. Bb5 Nc4 29. c3 Qe2 30. Rc2 Qd1+ 31. Rc1 Qb3 0-1

[Event "Sparkassen-Open A"]
[Site "Heusenstamm, Martinsee"]
[Date "2017.11.25"]
[Round "4.25"]
[White "Euler, Gerd"]
[Black "Thomas, Ingo"]
[Result "1-0"]
[WhiteElo "2315"]
[BlackElo "2095"]
[PlyCount "53"]
[EventDate "2017.??.??"]
[WhiteTeam "SSG Hungen-Lich"]
[BlackTeam "Krefelder SK Turm"]

1. e4 Nc6 2. d4 d5 3. Nc3 dxe4 4. d5 Nb8 5. Bf4 Nf6 6. Bb5+ Bd7 7. Qd4 c6 8.
Bc4 g6 9. O-O-O Bg7 10. d6 Bf5 11. f3 e3 12. g4 Bd7 13. Qxe3 e6 14. h4 b5 15.
Bb3 a5 16. a4 b4 17. Nce2 Nd5 18. Bxd5 cxd5 19. Rxd5 O-O 20. Rc5 Na6 21. Re5
Bxa4 22. b3 Bc6 23. Nd4 Qb6 24. Nge2 a4 25. Bh6 axb3 26. Bxg7 Kxg7 27. Nxe6+
1-0

[Event "Sparkassen-Open A"]
[Site "Heusenstamm, Martinsee"]
[Date "2017.11.25"]
[Round "4.26"]
[White "Neininger, Ralph"]
[Black "Kantane, Anna"]
[Result "1/2-1/2"]
[WhiteElo "2069"]
[BlackElo "2263"]
[PlyCount "57"]
[EventDate "2017.??.??"]
[WhiteTeam "Frankfurter TV"]
[BlackTeam "vereinslos"]

1. Nf3 Nf6 2. c4 c5 3. Nc3 Nc6 4. d4 cxd4 5. Nxd4 e5 6. Nxc6 bxc6 7. g3 Be7 8.
Bg2 O-O 9. O-O Bb7 10. Bg5 d6 11. Qa4 Qc7 12. Rfd1 h6 13. Be3 a5 14. h3 Rab8
15. Ba7 Rbd8 16. Qb3 Nd7 17. Be3 Ba8 18. Qc2 f5 19. Qd2 e4 20. f4 Bb7 21. Na4
c5 22. Nc3 Nb6 23. b3 Bf6 24. Nb5 Qc6 25. Rac1 a4 26. Na7 Qc7 27. Nb5 Qc6 28.
Na7 Qc7 29. Nb5 1/2-1/2

[Event "Sparkassen-Open A"]
[Site "Heusenstamm, Martinsee"]
[Date "2017.11.25"]
[Round "4.27"]
[White "Kuznetsov, Volodymyr"]
[Black "Osmanodja, Filiz"]
[Result "1/2-1/2"]
[WhiteElo "2088"]
[BlackElo "2242"]
[PlyCount "100"]
[EventDate "2017.??.??"]
[WhiteTeam "SG Idstein"]
[BlackTeam "USV TU Dresden"]

1. d4 Nf6 2. c4 e6 3. Nc3 Bb4 4. e3 O-O 5. Bd3 d5 6. a3 Bxc3+ 7. bxc3 c5 8. Ne2
dxc4 9. Bxc4 Qc7 10. Qc2 e5 11. O-O Nc6 12. d5 Na5 13. Ba2 c4 14. e4 Nd7 15. f4
Nc5 16. Be3 Bd7 17. fxe5 Ba4 18. Qb1 Nab3 19. Bxb3 Nxb3 20. Ra2 Qxe5 21. Bf4
Qe7 22. Ng3 Rfe8 23. Kh1 Nc5 24. d6 Qd7 25. Qe1 Bc6 26. Re2 Re6 27. e5 Rg6 28.
Qf2 Nd3 29. Qd4 Rg4 30. h3 Rh4 31. e6 fxe6 32. Nf5 Rh5 33. Ne7+ Kh8 34. Nxc6
bxc6 35. Qxc4 Nxf4 36. Rxf4 Rd5 37. Rfe4 Re8 38. Re1 Rxd6 39. Qe2 h6 40. c4 c5
41. Qe3 Rc6 42. Rf1 Kg8 43. Re1 Qd8 44. Qf3 Ra6 45. Qg4 Qf6 46. Re5 Rxa3 47.
Rxe6 Rxe6 48. Rxe6 Qd8 49. Qf4 Rb3 50. Qe5 Qg5 1/2-1/2

[Event "Sparkassen-Open A"]
[Site "Heusenstamm, Martinsee"]
[Date "2017.11.25"]
[Round "4.28"]
[White "Konik, Michael"]
[Black "Lisanti, Andre"]
[Result "0-1"]
[WhiteElo "2085"]
[BlackElo "2249"]
[PlyCount "58"]
[EventDate "2017.??.??"]
[WhiteTeam "SK Mainaschaff"]
[BlackTeam "TSV Schott Mainz"]

1. e4 c5 2. Nc3 a6 3. f4 b5 4. Nf3 Bb7 5. d3 e6 6. g3 d5 7. Qe2 Be7 8. Bg2 Nc6
9. O-O Nd4 10. Qf2 Nf6 11. exd5 Ng4 12. Qd2 b4 13. dxe6 Bxf3 14. exf7+ Kxf7 15.
Rxf3 Nxf3+ 16. Bxf3 Qd4+ 17. Kg2 bxc3 18. bxc3 Qd7 19. c4 Rab8 20. Bd5+ Kf8 21.
Ba3 Nf6 22. Bf3 Qa4 23. Qc3 Kf7 24. Re1 Rhe8 25. g4 Bd6 26. g5 Rxe1 27. gxf6
Qe8 28. Bd5+ Kg6 29. Bf3 Re2+ 0-1

[Event "Sparkassen-Open A"]
[Site "Heusenstamm, Martinsee"]
[Date "2017.11.25"]
[Round "4.29"]
[White "Hess, Steffen"]
[Black "Haag, Martin"]
[Result "0-1"]
[WhiteElo "2027"]
[BlackElo "2243"]
[PlyCount "76"]
[EventDate "2017.??.??"]
[WhiteTeam "SC Groß-Zimmern"]
[BlackTeam "SC Bonn Beuel"]

1. d4 d5 2. Nf3 Nf6 3. e3 e6 4. Bd3 c5 5. c3 Be7 6. Nbd2 O-O 7. O-O b6 8. Qc2
a5 9. Rd1 Ba6 10. e4 Bxd3 11. Qxd3 Nc6 12. exd5 exd5 13. Ne5 Qc7 14. Ndf3 Rad8
15. Bg5 Nxe5 16. dxe5 Ne8 17. Qf5 h6 18. Bxe7 Qxe7 19. Rd2 Nc7 20. Rad1 Rfe8
21. g3 Qe6 22. Qh5 Rd7 23. Kg2 Red8 24. h3 Qc6 25. Ne1 b5 26. f4 b4 27. Qf3 Qe6
28. Nd3 Qb6 29. Nc1 Qb5 30. Ne2 a4 31. g4 Qc4 32. cxb4 Qxb4 33. a3 Qa5 34. Qc3
Qb6 35. Qc2 d4 36. Qxa4 Nd5 37. Kg3 Ne3 38. Re1 Ra7 0-1

[Event "Sparkassen-Open A"]
[Site "Heusenstamm, Martinsee"]
[Date "2017.11.25"]
[Round "4.30"]
[White "Kersten, Uwe"]
[Black "Medvedovski, Michael"]
[Result "1-0"]
[WhiteElo "2234"]
[BlackElo "2048"]
[PlyCount "53"]
[EventDate "2017.??.??"]
[WhiteTeam "Kasseler SK"]
[BlackTeam "Frankfurter TV"]

1. e4 c5 2. Nf3 Nc6 3. Bb5 e5 4. O-O Nge7 5. c3 g6 6. d4 cxd4 7. cxd4 exd4 8.
Bf4 Bg7 9. Bd6 Qb6 10. Na3 Nd8 11. Bb4 Kf8 12. Qa4 a5 13. Bd2 Ne6 14. Nc4 Qa7
15. Nd6 Nc6 16. Rac1 b6 17. Ng5 Ke7 18. Ndxf7 Nc5 19. Rxc5 bxc5 20. Nxh8 Bxh8
21. Qb3 Ne5 22. f4 Ng4 23. Qf7+ Kd6 24. Qxh7 Bf6 25. e5+ Bxe5 26. fxe5+ Nxe5
27. Bf4 1-0

[Event "Sparkassen-Open A"]
[Site "Heusenstamm, Martinsee"]
[Date "2017.11.25"]
[Round "4.31"]
[White "Sandten, Ulrich"]
[Black "Prill, Daniel"]
[Result "1/2-1/2"]
[WhiteElo "2068"]
[BlackElo "2234"]
[PlyCount "55"]
[EventDate "2017.??.??"]
[WhiteTeam "VSG Offenbach"]
[BlackTeam "SC Heitersheim"]

1. e4 c6 2. d4 d5 3. exd5 cxd5 4. Bd3 Nf6 5. c3 Nc6 6. Bf4 Bg4 7. Qb3 Qd7 8.
Nd2 e6 9. Ngf3 Bxf3 10. Nxf3 a6 11. a4 Be7 12. O-O O-O 13. Rfe1 Nh5 14. Bd2 Bd6
15. Ne5 Qc7 16. Qd1 g6 17. Qe2 Rae8 18. Bh6 Ng7 19. f4 f6 20. Nxc6 Qxc6 21. Qg4
f5 22. Qf3 Rf7 23. c4 Rc7 24. c5 Be7 25. b4 Bf6 26. Qe3 Qd7 27. b5 Rb8 28. Kf1
1/2-1/2

[Event "Sparkassen-Open A"]
[Site "Heusenstamm, Martinsee"]
[Date "2017.11.25"]
[Round "4.32"]
[White "Reinhard, Stefan"]
[Black "Henrich, Thomas"]
[Result "0-1"]
[WhiteElo "2064"]
[BlackElo "2216"]
[PlyCount "64"]
[EventDate "2017.??.??"]
[WhiteTeam "SF Dettingen"]
[BlackTeam "SK Marburg"]

1. d4 Nf6 2. c4 g6 3. Nc3 d5 4. cxd5 Nxd5 5. e4 Nxc3 6. bxc3 Bg7 7. Bb5+ Nd7 8.
Ne2 c5 9. Be3 cxd4 10. Bxd4 e5 11. Bc5 a6 12. Bxd7+ Qxd7 13. Qxd7+ Bxd7 14.
O-O-O Rc8 15. Bb4 b6 16. Kb2 Bb5 17. Rhe1 a5 18. Bd6 f6 19. Nc1 Kf7 20. Rd2
Rhd8 21. Nb3 a4 22. c4 Bxc4 23. Na1 Ke6 24. Bb4 Rxd2+ 25. Bxd2 Bf8 26. a3 Bd3
27. g3 f5 28. exf5+ gxf5 29. Be3 e4 30. Bd4 b5 31. Rd1 Rc4 32. Bh8 Bc5 0-1

[Event "Sparkassen-Open A"]
[Site "Heusenstamm, Martinsee"]
[Date "2017.11.25"]
[Round "4.33"]
[White "Schlößner, Henrik"]
[Black "Färber, David"]
[Result "1-0"]
[WhiteElo "2059"]
[BlackElo "2211"]
[PlyCount "155"]
[EventDate "2017.??.??"]
[WhiteTeam "SK Gründau"]
[BlackTeam "SV Walldorf"]

1. e4 c5 2. Nf3 Nc6 3. d4 cxd4 4. Nxd4 e6 5. c4 Nf6 6. Nc3 Bb4 7. Nxc6 dxc6 8.
Qxd8+ Kxd8 9. Bg5 Bxc3+ 10. bxc3 h6 11. Bxf6+ gxf6 12. f4 e5 13. f5 Rg8 14. Kf2
Ke7 15. Be2 Bd7 16. c5 b6 17. Rhb1 Rgb8 18. Rb2 bxc5 19. Rab1 Rb6 20. g4 Rab8
21. Rxb6 axb6 22. Rb3 Kd6 23. c4 b5 24. a4 b4 25. Bd1 Bc8 26. Rd3+ Ke7 27. Bb3
Ba6 28. Kg3 Rg8 29. Kh4 Rg5 30. Kg3 h5 31. h3 Rg8 32. Rd2 hxg4 33. hxg4 Rh8 34.
Rd1 Rh6 35. Kg2 Rh7 36. Rh1 Rg7 37. Kg3 Rg8 38. Rd1 Bc8 39. Kf3 Bd7 40. Kg3 Rh8
41. Kg2 Kd8 42. Kg3 Kc7 43. Kg2 Rg8 44. Kg3 Rd8 45. Rd2 Rg8 46. Rh2 Kd6 47.
Rd2+ Ke7 48. Rh2 Bc8 49. Rd2 Ba6 50. Rd1 Bb7 51. Kh4 Bc8 52. Kh3 Bd7 53. Kh4
Rd8 54. Kh3 Bc8 55. Rxd8 Kxd8 56. Kh4 Ke7 57. Kh5 Kf8 58. Kh6 Ba6 59. g5 fxg5
60. Kxg5 Ke7 61. f6+ Kd6 62. Kh6 Bc8 63. Kg7 Ke6 64. a5 Ba6 65. Bd1 Kd6 66.
Kxf7 Bxc4+ 67. Kg7 Kc7 68. f7 Bxf7 69. Kxf7 c4 70. Ke6 c5 71. Kd5 c3 72. Kxc5
b3 73. Bxb3 Kb7 74. Kd5 Ka6 75. Kxe5 Kxa5 76. Kd6 Kb4 77. Bd1 Kc4 78. e5 1-0

[Event "Sparkassen-Open A"]
[Site "Heusenstamm, Martinsee"]
[Date "2017.11.25"]
[Round "4.34"]
[White "Dunsbach, Ralf"]
[Black "Weiss, Matthias"]
[Result "1-0"]
[WhiteElo "2209"]
[BlackElo "2063"]
[PlyCount "99"]
[EventDate "2017.??.??"]
[WhiteTeam "SK Bad Homburg"]
[BlackTeam "SF Schöneck"]

1. c4 e5 2. g3 Nf6 3. Bg2 d5 4. cxd5 Nxd5 5. Nc3 Nb6 6. Nf3 Nc6 7. O-O Be7 8.
a3 O-O 9. b4 Re8 10. d3 Bf8 11. Bb2 a5 12. b5 Nd4 13. Nd2 c6 14. bxc6 Nxc6 15.
Rc1 Bf5 16. Nce4 a4 17. Nc5 Bxc5 18. Rxc5 Ra5 19. Rxa5 Nxa5 20. Bc3 Nc6 21. Re1
Bc8 22. Bxc6 bxc6 23. Ba5 Qd4 24. Bxb6 Qxb6 25. Qxa4 Be6 26. Rb1 Qc7 27. Ne4
Bd5 28. Nc3 Rc8 29. Qb4 h6 30. Qc5 Qd7 31. a4 Qe6 32. a5 Ra8 33. Nxd5 cxd5 34.
Rb6 Qd7 35. Rd6 Rxa5 36. Qb6 Qb5 37. Qd8+ Kh7 38. Qc8 f6 39. Qf5+ Kg8 40. Qe6+
Kh7 41. Qf5+ Kg8 42. Qg6 Ra8 43. Rxf6 Qe8 44. Qxe8+ Rxe8 45. Rd6 d4 46. Kf1 Kf7
47. f4 exf4 48. gxf4 Re3 49. Rxd4 Rh3 50. Kg2 1-0

[Event "Sparkassen-Open A"]
[Site "Heusenstamm, Martinsee"]
[Date "2017.11.25"]
[Round "4.35"]
[White "Hentzgen, Thomas"]
[Black "Erdmann, Stefan"]
[Result "1-0"]
[WhiteElo "2037"]
[BlackElo "2194"]
[PlyCount "121"]
[EventDate "2017.??.??"]
[WhiteTeam "USV Halle"]
[BlackTeam "SC Bad Soden"]

1. d4 d5 2. Nf3 Nf6 3. g3 c6 4. Bg2 Bf5 5. O-O h6 6. c3 e6 7. Qb3 Qb6 8. Qxb6
axb6 9. Bf4 Nbd7 10. h3 g5 11. Be3 Bd6 12. g4 Bg6 13. Nbd2 b5 14. a3 Ng8 15.
Nh2 Ne7 16. f4 f6 17. Nb3 Nb6 18. Nc5 Bxc5 19. dxc5 Nc4 20. Bc1 O-O 21. Rf2 Kg7
22. Nf1 gxf4 23. Rxf4 e5 24. Rf2 f5 25. g5 f4 26. gxh6+ Kh7 27. e3 fxe3 28.
Rxf8 Rxf8 29. Nxe3 Na5 30. Bd2 Nb3 31. Rf1 Rxf1+ 32. Nxf1 Nxc5 33. Bg5 Nf5 34.
Ne3 Nxe3 35. Bxe3 Na4 36. Bc1 Nb6 37. Kf2 Nc4 38. Bf1 Nd6 39. Be2 d4 40. cxd4
exd4 41. Bf4 Ne4+ 42. Ke1 Nc5 43. Kd1 Ne6 44. Bd2 Be4 45. Bg4 Nc5 46. Be2 Nb3
47. Bf4 Kg6 48. Bg4 c5 49. Be6 c4 50. Bg8 Kh5 51. h7 Bxh7 52. Bxh7 Kh4 53. Bd2
Kxh3 54. Bb4 Kg4 55. Be4 Kf4 56. Bxb7 d3 57. Bc3 Ke3 58. Bc6 d2 59. Bxb5 Kd3
60. a4 Ke4 61. Bxc4 1-0

[Event "Sparkassen-Open A"]
[Site "Heusenstamm, Martinsee"]
[Date "2017.11.25"]
[Round "4.36"]
[White "Köllner, Aaron Noah"]
[Black "Wolf, Ulrich Martin"]
[Result "0-1"]
[WhiteElo "1935"]
[BlackElo "2189"]
[PlyCount "88"]
[EventDate "2017.??.??"]
[WhiteTeam "SV Bergneustadt/Derschlag"]
[BlackTeam "SC Hansa Dortmund"]

1. d4 f5 2. Bg5 g6 3. e3 Bg7 4. h4 h6 5. Bf4 Nf6 6. Nd2 d6 7. c3 e6 8. Be2 Nc6
9. Qc2 Qe7 10. O-O-O e5 11. Bh2 O-O 12. Re1 Kh8 13. Nh3 a6 14. Bg3 Be6 15. h5
Nxh5 16. Bxh5 gxh5 17. Nf3 Qf7 18. a3 Bb3 19. Qb1 Rae8 20. Nd2 Be6 21. f3 f4
22. Bf2 fxe3 23. Bxe3 Bf5 24. Qa1 exd4 25. cxd4 Nxd4 26. Bxd4 Bxd4 27. Rxe8
Qxe8 28. Qa2 Qc6+ 29. Qc4 Qxc4+ 30. Nxc4 b5 31. Na5 Be3+ 32. Kd1 d5 33. Ng1 h4
34. Ne2 Rg8 35. Rxh4 Rxg2 36. Nb3 Kh7 37. Nbc1 c5 38. b4 c4 39. Rh5 Kg6 40. Rh1
d4 41. Rh4 d3 42. Nf4+ Bxf4 43. Rxf4 c3 44. Rd4 Rg1# 0-1

[Event "Sparkassen-Open A"]
[Site "Heusenstamm, Martinsee"]
[Date "2017.11.25"]
[Round "4.37"]
[White "Sobolevsky, Leonid"]
[Black "Held, Carsten"]
[Result "0-1"]
[WhiteElo "2185"]
[BlackElo "2070"]
[PlyCount "52"]
[EventDate "2017.??.??"]
[WhiteTeam "vereinslos"]
[BlackTeam "SC Ladja Roßdorf"]

1. e4 c5 2. Nf3 g6 3. c3 Bg7 4. d4 cxd4 5. cxd4 d5 6. e5 Nh6 7. Nc3 Bg4 8. Qb3
Bxf3 9. Qxb7 Bxg2 10. Bxg2 Nd7 11. Bxd5 Rb8 12. Qxa7 O-O 13. Bg5 Rxb2 14. O-O
Nf5 15. Be4 Nb6 16. Rfd1 Qc8 17. Rac1 Nxd4 18. Be3 Qg4+ 19. Kh1 Nb5 20. Qb7
Bxe5 21. Qxe7 Qh5 22. h4 Nxc3 23. Rd8 Rxd8 24. Qxd8+ Kg7 25. Bxb6 Nxe4 26. Bd4
Nxf2+ 0-1

[Event "Sparkassen-Open A"]
[Site "Heusenstamm, Martinsee"]
[Date "2017.11.25"]
[Round "4.38"]
[White "Hebbering, Tom Elliot"]
[Black "Von Auer, Ulrich"]
[Result "0-1"]
[WhiteElo "2184"]
[BlackElo "2055"]
[PlyCount "68"]
[EventDate "2017.??.??"]
[WhiteTeam "SK Gernsheim"]
[BlackTeam "SF Frankfurt"]

1. d4 Nf6 2. c4 g6 3. Nf3 Bg7 4. Nc3 d5 5. h4 c5 6. h5 cxd4 7. Nxd4 e5 8. h6
Bf8 9. Nf3 d4 10. Bg5 Be7 11. Bxf6 Bxf6 12. Nd5 Be6 13. e4 dxe3 14. fxe3 Bxd5
15. cxd5 O-O 16. e4 Nd7 17. Bd3 Be7 18. Qd2 Rc8 19. b4 f5 20. exf5 gxf5 21. d6
Bxd6 22. Bxf5 Qe7 23. Qd5+ Kh8 24. Bxd7 Qxd7 25. Qd2 Qe7 26. Rh4 Rxf3 27. Rg4
Rf4 28. Rxf4 exf4+ 29. Kf1 Qf6 30. Rd1 Be7 31. Qe2 Bxb4 32. Qf3 Qxh6 33. Qxb7
Qh1+ 34. Kf2 Bc5+ 0-1

[Event "Sparkassen-Open A"]
[Site "Heusenstamm, Martinsee"]
[Date "2017.11.25"]
[Round "4.39"]
[White "Hilzinger, Markus"]
[Black "Schweizer, Manfred"]
[Result "1-0"]
[WhiteElo "2134"]
[BlackElo "2032"]
[PlyCount "86"]
[EventDate "2017.??.??"]
[WhiteTeam "SC Pforzheim"]
[BlackTeam "Post-SV Memmingen"]

1. c4 Nf6 2. Nf3 g6 3. g3 Bg7 4. Bg2 O-O 5. O-O d6 6. d4 Nbd7 7. Nc3 e5 8. h3
c6 9. e4 Qb6 10. c5 dxc5 11. dxe5 Ne8 12. e6 fxe6 13. Ng5 Nc7 14. Qd6 Be5 15.
Qe7 Nf6 16. Na4 Qb4 17. Qxc5 Qxc5 18. Nxc5 Bd4 19. Nb3 Bb6 20. e5 Nfd5 21. Ne4
Kg7 22. a4 a5 23. Kh2 Na6 24. Bd2 Nab4 25. Bxb4 Nxb4 26. Rad1 Nd5 27. Rd2 h6
28. Rc1 Rf5 29. Nd6 Rf8 30. Nc5 Bxc5 31. Rxc5 Ra7 32. Nc4 Bd7 33. Rxa5 Rxa5 34.
Nxa5 Ra8 35. Nxb7 Rxa4 36. Nc5 Ra7 37. Rd4 Bc8 38. Rc4 Ra2 39. Rc2 Kf7 40. Ne4
Bd7 41. Bf1 g5 42. Bc4 Ra5 43. Re2 Bc8 1-0

[Event "Sparkassen-Open A"]
[Site "Heusenstamm, Martinsee"]
[Date "2017.11.25"]
[Round "4.40"]
[White "Poghosyan, Tigran"]
[Black "Küpper, Martin"]
[Result "1/2-1/2"]
[WhiteElo "2175"]
[BlackElo "2031"]
[PlyCount "124"]
[EventDate "2017.??.??"]
[WhiteTeam "Lübecker SV"]
[BlackTeam "SC Fulda"]

1. e4 d5 2. exd5 Nf6 3. Bb5+ Nbd7 4. c4 a6 5. Bxd7+ Qxd7 6. d3 c6 7. dxc6 Qxc6
8. Nf3 Bg4 9. Nbd2 Rd8 10. Qe2 e6 11. h3 Bh5 12. a3 Bc5 13. O-O Bd4 14. Nb3
Bxf3 15. Qxf3 Qxf3 16. gxf3 Be5 17. Rd1 Nh5 18. d4 Bf6 19. Be3 g5 20. Nc5 Nf4
21. Kh2 b5 22. Ne4 Be7 23. Bxf4 gxf4 24. d5 bxc4 25. d6 Bh4 26. Rd2 Kd7 27. Rc1
Rc8 28. b4 cxb3 29. Nc5+ Rxc5 30. Rxc5 Rb8 31. Rc7+ Ke8 32. a4 Bf6 33. Rd1 b2
34. Rg1 Kf8 35. d7 Rd8 36. Rb7 Ke7 37. Rd1 Bc3 38. Kg2 a5 39. Kf1 e5 40. Ra7
Bd4 41. Rxa5 Rxd7 42. Rb5 Ra7 43. a5 Bc3 44. Rb1 Kd6 45. Ke2 Kc6 46. Rb6+ Kc5
47. Kd3 Bd4 48. Ke4 f6 49. R6xb2 Bxb2 50. Rxb2 Rxa5 51. Kf5 Ra3 52. Kxf6 Rxf3
53. Kxe5 Rxh3 54. Rc2+ Kb6 55. Kxf4 Rh6 56. Kf5 Rc6 57. Rxc6+ Kxc6 58. Ke6 h5
59. Kf5 Kd5 60. Kg5 Ke4 61. f4 h4 62. Kxh4 Kxf4 1/2-1/2

[Event "Sparkassen-Open A"]
[Site "Heusenstamm, Martinsee"]
[Date "2017.11.25"]
[Round "4.41"]
[White "Held, Maurice"]
[Black "Berghof, Axel"]
[Result "1-0"]
[WhiteElo "1870"]
[BlackElo "2173"]
[PlyCount "80"]
[EventDate "2017.??.??"]
[WhiteTeam "SC Ladja Roßdorf"]
[BlackTeam "SC Suhl"]

1. c4 e5 2. g3 g6 3. Bg2 Bg7 4. Nc3 Ne7 5. e4 Nbc6 6. Nge2 d6 7. d3 O-O 8. Rb1
a5 9. a3 Bd7 10. Be3 Nd4 11. O-O a4 12. f4 Qc8 13. Bxd4 exd4 14. Nd5 Nxd5 15.
cxd5 c5 16. Qd2 Bh6 17. Kh1 b5 18. Ng1 Rb8 19. h3 b4 20. g4 Qa6 21. g5 Bg7 22.
f5 Rfd8 23. f6 Bf8 24. Rfd1 Rb6 25. Bf1 Rdb8 26. Qc2 Qb7 27. Ra1 bxa3 28. bxa3
Rb2 29. Qc1 Qa6 30. Nf3 R2b3 31. Qd2 Rc3 32. Rdc1 Rbb3 33. Rxc3 Rxc3 34. Qe1
Bb5 35. e5 dxe5 36. Nxe5 Qd6 37. Qe4 Qc7 38. Rb1 Rb3 39. Re1 Rxa3 40. Qf4 Qd6
1-0